| 000 | 00568nam a2200193 i 4500 | ||
|---|---|---|---|
| 001 | 150298 | ||
| 003 | ES-MaACL | ||
| 005 | 20230906203443.0 | ||
| 007 | t| | ||
| 008 | 071029s1939 ag |||| |bspa d | ||
| 100 | 1 |
_aVallery-Radot, René. _9112868 |
|
| 245 | 1 | 3 |
_aLa vida de Pasteur / _cRené Vallery-Radot ; versión castellana Jorge Degiorgi. |
| 250 | _a2ª ed. | ||
| 260 |
_aBuenos Aires : _bJuventud Argentina, _c1939. |
||
| 300 |
_a506 p. ; _c23 cm. |
||
| 600 | 1 | 4 |
_aPasteur, Louis. _989467 |
| 700 | 1 |
_aDegiorgi, Jorge. _943219 |
|
| 852 |
_aES-MaACL _jB-9120 |
||
| 999 |
_c150298 _d150298 |
||